Dreamweaver Visual Insight (Record no. 346401)
[ view plain ]
| 000 -LEADER | |
|---|---|
| fixed length control field | 00288 a2200097 4500 |
| 090 ## - LOCALLY ASSIGNED LC-TYPE CALL NUMBER (OCLC); LOCAL CALL NUMBER (RLIN) | |
| -- | 3941 |
| -- | 3941 |
| 100 ## - MAIN ENTRY--PERSONAL NAME | |
| Personal name | Grey Holden, |
| 245 ## - TITLE STATEMENT | |
| Title | Dreamweaver Visual Insight |
| Remainder of title | Learnig Technology /through/visual/instruction |
| 260 ## - PUBLICATION, DISTRIBUTION, ETC. | |
| Place of publication, distribution, etc. | Dreamtech Press |
| Name of publisher, distributor, etc. | New Delhi |
| Date of publication, distribution, etc. | 2001 |
| 942 ## - ADDED ENTRY ELEMENTS (KOHA) | |
| Institution code [OBSOLETE] | NBS |
| Koha item type | Book |
| Call number prefix | 005.3 HOL |
| Withdrawn status | Lost status | Damaged status | Not for loan | Permanent Location | Current Location | Shelving location | Date acquired | Total Checkouts | Full call number | Barcode | Date last seen | Date last checked out | Price effective from | Koha item type |
|---|---|---|---|---|---|---|---|---|---|---|---|---|---|---|
| Central Library (CL) | Central Library (CL) | First Floor - Software Engineering/ Programming Language | 08/28/2013 | 1 | 005.3 HOL | NBS4092 | 11/22/2017 | 07/19/2017 | 08/28/2013 | Book | ||||
| Central Library (CL) | Central Library (CL) | First Floor - Software Engineering/ Programming Language | 08/28/2013 | 1 | 005.3 HOL | NBS4091 | 11/22/2017 | 07/18/2017 | 08/28/2013 | Book |
